banner-ar

مدرسة وخانقاة الامير صرغتمش : (Record no. 57698)

MARC details
000 -الفاتح
حقل البيانات ثابتة الطول 00770nam a2200193Ia 4500
008 - عناصر البيانات ثابتة الطول - معلومات عامة
حقل البيانات ثابتة الطول 140319s9999 xx 000 0 ara d
040 ## - مصدر الفهرسة
وكالة الفهرسة الأصلية GCL /
وكالة النسخ GCL
082 04 - رقم تصنيف ديوى العشرى
رقم التصنيف ق
رقم المادة 727
-- م م
100 1# - المدخل الرئيسى - إسم شخصى
الإسم الشخصى المجلس الاعلى للاثار
245 10 - بيان العنوان
العنوان مدرسة وخانقاة الامير صرغتمش :
بقية العنوان شارع الخضيرى - السيدة زينب اثر رقم (218) (757 هـ - 1356 م ) /
بيان المسئوليه,etc المجلس الاعلى للاثار
700 1# - المدخل الاضافى - اسم شخصى
الإسم الشخصى زاهى حواس
260 ## - PUBLICATION, DISTRIBUTION, ETC. (IMPRINT)
تاريخ النشر أو التوزيع 0
300 ## - الوصف المادى
التعداد ؛
أبعاد الوعاء 27 سم
650 04 - المدخل الاضافى بالموضوع-مصطلح موضوعى
مصطلح موضوعي مصر - الاثار الاسلامية
650 04 - المدخل الاضافى بالموضوع-مصطلح موضوعى
مصطلح موضوعي المدارس - عمارة
650 04 - المدخل الاضافى بالموضوع-مصطلح موضوعى
مصطلح موضوعي المدارس - مبانى - ترميم
942 ## - عناصر المدخل الإضافي( كوها)
مصدر التصنيف او مخطط الترفيف Dewey Decimal Classification
Koha [default] item type كتاب
260 ## - PUBLICATION, DISTRIBUTION, ETC. (IMPRINT)
-- القاهرة :
-- المجلس الاعلى للاثار ،
Holdings
حالة التراجع حالة الفقد حالة تلف ليس للاعارة المكان المؤقت الموقع الحالى تاريخ الاكتساب اجمالي اﻻعارات رقم الطلب الباركود تاريخ اخر مشاهدة تاريخ تفعيل السعر نوع وعاء كوها
        مكتبة القاهرة الكبرى مكتبة القاهرة الكبرى 03/26/2014   ق\ 727\ م م 147601 03/26/2014 03/26/2014 كتاب
        مكتبة القاهرة الكبرى مكتبة القاهرة الكبرى 03/26/2014   ق\ 727\ م م 147602 03/26/2014 03/26/2014 كتاب

Powered By

EGPV